000 00611cam a2200193 a 4500
020 _a1556221614 :
082 0 0 _a620/.00420285
_bOLI
_cL-1, P.26
100 1 _aOliver, William M.
_940503
245 1 0 _aIllustrated AutoLISP /
_cWilliam M. Oliver.
260 _aPlano, Tex. :
_bWordware Pub.,
_cc1990.
300 _ax, 256 p. ;
_c24 cm.
500 _aInkludes index.
526 _a0
_b0
_c0
_d620_004202850000000_OLI
526 _a0
_b0
_c0
_d620_004202850000000_OLI
526 _a0
_b0
_c0
_d620_004202850000000_OLI
650 0 _aAutoLISP (Computer program language)
_940504
650 0 _aMCE
_9379
942 _2ddc
_cBK
999 _c544769
_d544769